| 000 | 00905nam a22003017a 4500 | ||
|---|---|---|---|
| 001 | 6572 | ||
| 003 | FISKH | ||
| 005 | 20250820094232.0 | ||
| 008 | 250512b cb ||||| |||| 00| 0 eng d | ||
| 020 | _a0590453068 | ||
| 040 |
_aFISKH _beng _cFISKH _dFISKH |
||
| 050 | _a PZ8.H66 H | ||
| 082 | _a811 | ||
| 100 |
_aHoberman, Ann Mary _d(1930–2023) |
||
| 245 |
_aA house is a house for me / _cMary Ann Hoberman ; Illustrated by Betty Fraser |
||
| 250 | _aThis edition first published in 1978 | ||
| 260 |
_aNew York : _bScholastic, _c1978 |
||
| 300 |
_a44 pages : _bcolor illustrations ; _c28 cm |
||
| 505 | _aG | ||
| 520 | _aLists in rhyme the dwellings of various animals and things. | ||
| 521 | 8 |
_a410
_bLexile |
|
| 521 | 8 |
_aG
_bRaz-Plus |
|
| 650 |
_2Habitats _aHome |
||
| 650 |
_2Rhyming _aRepetition |
||
| 700 |
_aFraser, Betty _dillustrator |
||
| 942 |
_2ddc _cBK _n0 |
||
| 999 |
_c6572 _d6572 |
||